000 00907nam a2200301 4500
003 EG-GICUC
005 20260501222624.0
008 260501s1888 fr ||||fr|||| 00| 0 fre d
040 _aEG-GiCUC
_bfre
_cEG-GiCUC
_dEG-GiCUC
_eRda
041 _afre
082 0 4 _221
_a343.622
_bFE.D
092 0 4 _221
099 _aLaw1 10 343.622 FE.D 1888
100 1 _aFere , ch.
_eAuteur
245 _aDégénérescence Et Criminalité :
_bEssai Physiologique /
_c ch. Fere .
264 _aParis :
_bFELIX ALCAN ,
_c1888 .
300 _a178 page ;
_c 24 cm.
336 _2rda contenu
_a texte
337 _2rda medias
_aOrdinateur
338 _2 transporteur rda
_a Ressource en ligne
546 _aTexte en français
650 1 _aDroit pénal
650 1 _aTendance formative
651 1 _2qrmak
856 4 0 _uhttps://fll.law.cu.edu.eg/fulltext/bks/B10-10956.pdf
905 _a60
942 _2ddc
_n0
_cBK
_e21
999 _c74689
_d74689